| 000 | 01499nam a22004214a 4500 | ||
|---|---|---|---|
| 001 | ebr10288442 | ||
| 003 | CaPaEBR | ||
| 006 | m u | ||
| 007 | cr cn||||||||| | ||
| 008 | 080919s2009 enka sb 001 0 eng | ||
| 010 | _z 2008041664 | ||
| 015 |
_aGBA8B3904 _2bnb |
||
| 016 | 7 |
_z014765206 _2Uk |
|
| 020 | _z9780199292431 (pbk) | ||
| 020 | _z9780199292424 (hbk) | ||
| 020 | _z0199292434 (pbk) | ||
| 020 | _z0199292426 (hbk) | ||
| 040 |
_aCaPaEBR _cCaPaEBR |
||
| 035 | _a(OCoLC)319940579 | ||
| 050 | 1 | 4 |
_aP299.M6 _bP67 2009eb |
| 082 | 0 | 4 |
_a415 _222 |
| 084 |
_a08.33 _2bcl |
||
| 100 | 1 | _aPortner, Paul. | |
| 245 | 1 | 0 |
_aModality _h[electronic resource] / _cPaul Portner. |
| 260 |
_aOxford ; _aNew York : _bOxford University Press, _c2009. |
||
| 300 |
_ax, 288 p. : _bill. |
||
| 490 | 1 | _aOxford linguistics | |
| 490 | 1 | _aOxford surveys in semantics and pragmatics | |
| 504 | _aIncludes bibliographical references (p. [267]-283) and index. | ||
| 533 |
_aElectronic reproduction. _bPalo Alto, Calif. : _cebrary, _d2013. _nAvailable via World Wide Web. _nAccess may be limited to ebrary affiliated libraries. |
||
| 650 | 0 | _aModality (Linguistics) | |
| 650 | 0 | _aModality (Logic) | |
| 655 | 7 |
_aElectronic books. _2local |
|
| 710 | 2 | _aebrary, Inc. | |
| 830 | 0 | _aOxford linguistics. | |
| 830 | 0 | _aOxford surveys in semantics and pragmatics. | |
| 856 | 4 | 0 |
_uhttp://site.ebrary.com/lib/rucke/Doc?id=10288442 _zAn electronic book accessible through the World Wide Web; click to view |
| 999 |
_c448 _d448 |
||